A quel anime appartient cette image ? - Statistiques

Statistiques générales
  • Ce quiz a été pris 61 fois
  • Le résultat moyen est 16 sur 66
Statistiques - réponses
Par images Réponse % Correct
One Piece
96%
Vinland Saga
90%
SNK
88%
Jojo
80%
Evangelion
74%
Frieren
70%
Mob Psycho 100
66%
Chainsaw Man
56%
Made in Abyss
52%
Les carnets de l'apothicaire
50%
Monster
50%
Koe no Katachi
48%
Oshi no Ko
44%
Kaguya sama
40%
Steins Gate
40%
Cowboy Bebop
32%
Kill la Kill
30%
Ousama Ranking
30%
Nausicaa
28%
Madoka Magica
26%
Porco Rosso
26%
Fumetsu no anata e
24%
Kimi no Suizou wo Tabetai
24%
Yubisaki to Renren
24%
Le conte de la princesse Kaguya
22%
Dungeon Meshi
20%
Les enfants loups
20%
Monogatari
20%
Perfect Blue
20%
Pluto
18%
Serial Experiments Lain
18%
Mononoke
16%
Ergo Proxy
14%
Look Back
14%
Sangatsu no Lion
14%
Skip to Loafer
14%
The Tatami Galaxy
14%
Paprika
12%
Beck
10%
FLCL
10%
Redline
10%
Josee, the Tiger and the Fish
8%
Little Witch academia
8%
Makeine
8%
Medalist
8%
NHK ni Youkoso
8%
Ping Pong the Animation
8%
Baccano
6%
Dead Dead demon's Dededede Destruction
6%
Girls Band Cry
6%
Girls Last Tour
6%
Katanagatari
6%
Space Dandy
6%
Eizouken
4%
Jellyfish
4%
Kaiba
4%
Mind Game
4%
No.6
4%
Shoushimin series
4%
Sonny Boy
4%
Dead Leaves
2%
Eve no Jikan
2%
Haibane Renmei
2%
Maquia
2%
Yorimoi
2%
Zaregoto
2%
Aucun quiz correspondant
Distribution des résultats
% des personnes avec chaque résultat
Percentile par nombre de réponses
Votre historique - résultats
Vous n’avez pas pris ce quiz